[Event "Heusenstamm Sparkassen op-B 9th"]
[Site "Heusenstamm"]
[Date "2023.11.26"]
[Round "7"]
[White "Weyerer, Elea"]
[Black "Baer, Christian"]
[Result "1/2-1/2"]
[WhiteElo "1305"]
[BlackElo "1467"]
[PlyCount "52"]
[EventDate "2023.11.23"]
[EventType "swiss"]
[EventRounds "7"]
[EventCountry "GER"]
[SourceTitle "EXT 2025"]
[Source "ChessBase"]
[SourceDate "2024.10.14"]
[SourceVersion "1"]
[SourceVersionDate "2024.10.14"]
[SourceQuality "1"]

1. d4 d5 2. Bf4 e6 3. e3 Bd6 4. Bg3 Nf6 5. Nf3 b6 6. Bd3 Bb7 7. Nbd2 Nbd7 8. Ne5 c5 9. c3 Qc7 10. f4 Ne4 11. Qf3 Nxd2 12. Kxd2 c4 13. Bc2 0-0 14. Qg4 Nf6 15. Qf3 b5 16. Bh4 Ne4+ 17. Bxe4 dxe4 18. Qg4 Be7 19. g3 Bd5 20. Qe2 b4 21. Bxe7 bxc3+ 22. bxc3 Qxe7 23. Nxc4 Rfc8 24. Nb2 Qa3 25. Nd1 Rab8 26. Ke1 Rxc3 1/2-1/2

[Event "Rhein Main op-B 25th"]
[Site "Bad Homburg"]
[Date "2023.06.07"]
[Round "1"]
[White "Baer, Christian"]
[Black "Francke, Helmut"]
[Result "0-1"]
[WhiteElo "1489"]
[BlackElo "1875"]
[PlyCount "66"]
[EventDate "2023.06.07"]
[EventType "swiss"]
[EventRounds "7"]
[EventCountry "GER"]
[SourceTitle "CBM 215 Extra"]
[Source "ChessBase"]
[SourceDate "2023.09.30"]
[SourceVersion "1"]
[SourceVersionDate "2023.09.30"]
[SourceQuality "1"]

1. e4 c5 2. Nc3 Nc6 3. g3 g6 4. Bg2 Bg7 5. Nge2 e6 6. 0-0 Nge7 7. d3 0-0 8. Bg5 h6 9. Bf4 d6 10. Rb1 Rb8 11. Nb5 e5 12. Bd2 a6 13. Nbc3 b5 14. Nd5 Nxd5 15. exd5 Ne7 16. Qc1 Kh7 17. c4 Bf5 18. Be4 Bg4 19. Re1 b4 20. f3 Bd7 21. f4 Bg4 22. fxe5 dxe5 23. Be3 Qd6 24. Qd2 f5 25. Bg2 Rbe8 26. Nc1 f4 27. gxf4 exf4 28. Bf2 f3 29. Bf1 Nf5 30. Nb3 Nd4 31. Nxd4 cxd4 32. Bg3 Be5 33. Qf2 Bxg3 0-1

[Event "Heusenstamm Sparkassen op-B 5th"]
[Site "Heusenstamm"]
[Date "2018.11.24"]
[Round "4"]
[White "Baer, Christian"]
[Black "Gnandt, Michael"]
[Result "1-0"]
[WhiteElo "1631"]
[BlackElo "1316"]
[PlyCount "77"]
[EventDate "2018.11.22"]
[EventType "swiss"]
[EventRounds "7"]
[EventCountry "GER"]
[SourceTitle "CBM 187 Extra"]
[Source "ChessBase"]
[SourceDate "2018.11.04"]
[SourceVersion "1"]
[SourceVersionDate "2018.11.04"]
[SourceQuality "1"]

1. e4 e5 2. Nc3 Nf6 3. g3 Bc5 4. Bg2 a6 5. Nge2 d6 6. 0-0 Bg4 7. h3 Bh5 8. d3 Nc6 9. g4 Bg6 10. Kh2 h6 11. f4 exf4 12. Nxf4 0-0 13. Nxg6 fxg6 14. Bf4 Rb8 15. Qd2 Nxg4+ 16. hxg4 Qh4+ 17. Bh3 Ne5 18. Qg2 Bd4 19. Bg3 Nxg4+ 20. Kh1 Qh5 21. Nd5 Rxf1+ 22. Rxf1 Bxb2 23. Bxd6 Ne3 24. Nxe3 cxd6 25. Nd5 g5 26. c3 Rd8 27. Kh2 g4 28. Qxg4 Qe5+ 29. Qg3 Bxc3 30. Nxc3 Qxc3 31. Bf5 Qe5 32. Bg6 b5 33. Qxe5 dxe5 34. Rc1 Kf8 35. Rc6 a5 36. Rc5 Rxd3 37. Rxb5 Rd2+ 38. Kg3 Rxa2 39. Rxe5 1-0

[Event "Eschborn op"]
[Site "Eschborn"]
[Date "2018.10.06"]
[Round "3"]
[White "Baer, Christian"]
[Black "Peschk, Kathrin"]
[Result "1/2-1/2"]
[WhiteElo "1590"]
[BlackElo "1349"]
[PlyCount "45"]
[EventDate "2018.10.05"]
[EventType "swiss"]
[EventRounds "5"]
[EventCountry "GER"]
[SourceTitle "CBM 187 Extra"]
[Source "ChessBase"]
[SourceDate "2018.11.04"]
[SourceVersion "1"]
[SourceVersionDate "2018.11.04"]
[SourceQuality "1"]

1. e4 e5 2. Nc3 Nf6 3. g3 Bc5 4. Bg2 c6 5. Nge2 d5 6. exd5 cxd5 7. d3 Nc6 8. 0-0 Bf5 9. Bg5 Be6 10. Kh1 Qd7 11. f4 Bh3 12. fxe5 Bxg2+ 13. Kxg2 Ng4 14. d4 Be7 15. Qd2 f6 16. exf6 Nxf6 17. Rae1 0-0 18. Nf4 Rae8 19. Ne6 Rf7 20. Re2 Bb4 21. Bxf6 Rxe6 22. Bg5 Rxe2+ 23. Qxe2 1/2-1/2

[Event "Eschborn op"]
[Site "Eschborn"]
[Date "2018.10.06"]
[Round "2"]
[White "Rashed, Mohamed Al Kendi"]
[Black "Baer, Christian"]
[Result "1-0"]
[WhiteElo "1562"]
[BlackElo "1590"]
[PlyCount "59"]
[EventDate "2018.10.05"]
[EventType "swiss"]
[EventRounds "5"]
[EventCountry "GER"]
[SourceTitle "CBM 187 Extra"]
[Source "ChessBase"]
[SourceDate "2018.11.04"]
[SourceVersion "1"]
[SourceVersionDate "2018.11.04"]
[SourceQuality "1"]

1. e4 e5 2. Nf3 Nc6 3. Bc4 g6 4. d4 exd4 5. Nxd4 Bg7 6. c3 Nge7 7. 0-0 d6 8. Bg5 0-0 9. a3 Bd7 10. f4 Qe8 11. Qd3 Nxd4 12. Bxe7 Qxe7 13. cxd4 c5 14. dxc5 dxc5 15. e5 Bc6 16. Nc3 Rad8 17. Qe3 Rd4 18. b3 Rfd8 19. Rad1 a6 20. Be2 Qe6 21. b4 Bf8 22. Qg3 cxb4 23. Rxd4 Bc5 24. axb4 Bxb4 25. f5 Qb3 26. e6 Bc5 27. Kh1 Bd6 28. Qg5 Be5 29. fxg6 Qxe6 30. gxf7+ 1-0

[Event "Rhein Main op-B 21st"]
[Site "Bad Homburg"]
[Date "2018.05.31"]
[Round "3"]
[White "Stieg, Bastian"]
[Black "Baer, Christian"]
[Result "1/2-1/2"]
[WhiteElo "1783"]
[BlackElo "1543"]
[PlyCount "50"]
[EventDate "2018.05.30"]
[EventType "swiss"]
[EventRounds "7"]
[EventCountry "GER"]
[SourceTitle "EXT 2019"]
[Source "ChessBase"]
[SourceDate "2018.10.10"]
[SourceVersion "1"]
[SourceVersionDate "2018.10.10"]
[SourceQuality "1"]

1. c4 Nf6 2. g3 e6 3. Bg2 d5 4. b3 Be7 5. Bb2 0-0 6. Nf3 Nbd7 7. d3 Rb8 8. Nbd2 b6 9. 0-0 Bb7 10. a3 c5 11. e3 Re8 12. Rc1 h6 13. Qc2 Bd6 14. Bc3 Qe7 15. Ra1 e5 16. cxd5 Bxd5 17. Nc4 Rbc8 18. Qb2 b5 19. Nxd6 Qxd6 20. Rfd1 Qe6 21. b4 c4 22. dxc4 Bxc4 23. Nd2 Nb6 24. Nxc4 Rxc4 25. Rac1 Rec8 1/2-1/2

[Event "Eschborn op"]
[Site "Eschborn"]
[Date "2017.10.15"]
[Round "4"]
[White "Baer, Christian"]
[Black "Bastian, Ben"]
[Result "1-0"]
[WhiteElo "1524"]
[BlackElo "1575"]
[PlyCount "97"]
[EventDate "2017.10.13"]
[EventType "swiss"]
[EventRounds "5"]
[EventCountry "GER"]
[SourceTitle "EXT 2019"]
[Source "ChessBase"]
[SourceDate "2018.10.10"]
[SourceVersion "1"]
[SourceVersionDate "2018.10.10"]
[SourceQuality "1"]

1. d4 d5 2. c4 e6 3. e3 Nf6 4. Nf3 Be7 5. Nc3 0-0 6. Bd3 b6 7. cxd5 Nxd5 8. 0-0 Bb7 9. Qc2 h6 10. Nxd5 Bxd5 11. e4 Bb7 12. Bf4 c5 13. dxc5 Bxc5 14. Rfd1 Qe7 15. Qe2 Nc6 16. Bb5 Rfd8 17. a3 Nd4 18. Nxd4 Bxd4 19. Rac1 e5 20. Be3 Rd6 21. f3 Rad8 22. Bxd4 exd4 23. Qd3 Qg5 24. Kf2 Qh4+ 25. Kg1 Qf4 26. Re1 Bc8 27. Bc4 Be6 28. g3 Qe5 29. f4 Qa5 30. Bxe6 Rxe6 31. Kf2 b5 32. Rc5 a6 33. Rec1 Ree8 34. Rc7 Qb6 35. R1c6 Qb8 36. Qb3 Rf8 37. Ke2 d3+ 38. Kd2 Qa8 39. e5 Kh8 40. e6 fxe6 41. Qxe6 Rf6 42. Qe7 Rg8 43. Rxf6 Qg2+ 44. Kxd3 Qf3+ 45. Kd4 Qd1+ 46. Kc5 Qg1+ 47. Kc6 Qc1+ 48. Kb7 Qh1+ 49. Rfc6 1-0

[Event "Eschborn op"]
[Site "Eschborn"]
[Date "2017.10.15"]
[Round "5"]
[White "Werner, Elmar"]
[Black "Baer, Christian"]
[Result "1-0"]
[WhiteElo "1514"]
[BlackElo "1524"]
[PlyCount "55"]
[EventDate "2017.10.13"]
[EventType "swiss"]
[EventRounds "5"]
[EventCountry "GER"]
[SourceTitle "EXT 2019"]
[Source "ChessBase"]
[SourceDate "2018.10.10"]
[SourceVersion "1"]
[SourceVersionDate "2018.10.10"]
[SourceQuality "1"]

1. d4 Nf6 2. c4 e6 3. Nc3 d5 4. Bg5 Be7 5. e3 h6 6. Bh4 0-0 7. Nf3 Nbd7 8. Bd3 dxc4 9. Bxc4 b6 10. 0-0 Bb7 11. Rc1 c5 12. Bg3 a6 13. d5 exd5 14. Nxd5 b5 15. Nxe7+ Qxe7 16. Bd6 Bxf3 17. Bxe7 Bxd1 18. Bxf8 Rxf8 19. Bxf7+ Kxf7 20. Rfxd1 c4 21. Rd6 Nc5 22. b4 Nd3 23. Rb1 Rc8 24. a3 c3 25. Rxd3 Ne4 26. Rc1 c2 27. f3 Nc3 28. Rxc2 1-0

[Event "Frankfurt-chB"]
[Site "Frankfurt"]
[Date "2017.05.15"]
[Round "4"]
[White "Baer, Christian"]
[Black "Goodwin, David"]
[Result "1-0"]
[WhiteElo "1469"]
[BlackElo "1456"]
[PlyCount "79"]
[EventDate "2017.04.24"]
[EventType "swiss"]
[EventRounds "7"]
[EventCountry "GER"]
[SourceTitle "EXT 2018"]
[Source "ChessBase"]
[SourceDate "2017.10.13"]
[SourceVersion "1"]
[SourceVersionDate "2017.10.13"]
[SourceQuality "1"]

1. e4 g6 2. d4 Bg7 3. Nf3 d6 4. Nc3 a6 5. Be2 Nd7 6. 0-0 b5 7. a3 Bb7 8. Re1 Ngf6 9. e5 Nd5 10. e6 fxe6 11. Ng5 Nf8 12. Bf3 Qc8 13. Bg4 Nxc3 14. bxc3 Bd5 15. Bf3 Qb7 16. Nxe6 Nxe6 17. Rxe6 Bxf3 18. Qxf3 Qxf3 19. gxf3 Rf8 20. Bg5 Bf6 21. Bh6 Rf7 22. Rae1 Kd7 23. R6e4 Re8 24. f4 d5 25. Re6 c6 26. Kg2 Rg8 27. Bg5 Bxg5 28. fxg5 Rgg7 29. Kg3 Rf5 30. R6e5 Rgf7 31. Rxf5 Rxf5 32. f4 Kd6 33. h4 Rf7 34. h5 e6 35. hxg6 hxg6 36. Rh1 a5 37. Rh8 Rg7 38. Rd8+ Kc7 39. Ra8 a4 40. Ra7+ 1-0